| 000 | 00453nam a2200205Ia 4500 | ||
|---|---|---|---|
| 001 | 11970 | ||
| 003 | GE_BSU | ||
| 008 | 181216s||||||||xx |||||||||||||| ||und|| | ||
| 020 | _a0747257906 | ||
| 040 | _cGE_BSU | ||
| 080 | _a821.111-312.4 | ||
| 100 | _aPatterson,James | ||
| 245 | _aPop goes the weasel | ||
| 260 | _aLondon | ||
| 260 | _bHeadline feature | ||
| 260 | _c2000. | ||
| 300 | _a500p;18cm. | ||
| 653 | _aPop goes the weasel | ||
| 942 | _cBK | ||
| 999 |
_c45147 _d45147 |
||